[Event "Amagermesterskabet Gruppe 1 2016"]
[Site "Sundbyoster"]
[Date "2016.08.16"]
[Round "1"]
[White "Hestehauge, Klaus"]
[Black "Nielsen, John Holm"]
[Result "0-1"]
[WhiteElo "1888"]
[BlackElo "1974"]
[PlyCount "46"]
[EventDate "2016.??.??"]

1. d4 d5 2. Nf3 Nf6 3. Bf4 e6 4. e3 Bd6 5. Bg3 O-O 6. Nbd2 c5 7. c3 b6 8. Bd3
Bb7 9. O-O Bxg3 10. hxg3 Nbd7 11. Qe2 Re8 12. Ne5 Qc7 13. Ndf3 Ne4 14. Bb5 Nef6
15. Ng5 Re7 16. Bxd7 Nxd7 17. Qh5 Nf6 18. Qh3 Rae8 19. Ng4 h5 20. Nxf6+ gxf6
21. Qxh5 fxg5 22. Qxg5+ Kf8 23. Qf6 Rd7 0-1

[Event "Amagermesterskabet Gruppe 1 2016"]
[Site "Sundbyoster"]
[Date "2016.08.16"]
[Round "1"]
[White "Kokholm, Daniel"]
[Black "Frank Nielsen, Marie"]
[Result "1/2-1/2"]
[WhiteElo "1848"]
[BlackElo "1942"]
[PlyCount "37"]
[EventDate "2016.??.??"]

1. e4 c5 2. Nc3 e6 3. f4 Nc6 4. Nf3 a6 5. g3 g6 6. Bg2 d6 7. O-O Bg7 8. d3 Nge7
9. h3 O-O 10. Qe1 Nd4 11. Qf2 Nxf3+ 12. Qxf3 Rb8 13. g4 f5 14. gxf5 exf5 15.
Be3 b6 16. a4 Bb7 17. Qf2 d5 18. exd5 Nxd5 19. Nxd5 1/2-1/2

[Event "Amagermesterskabet Gruppe 1 2016"]
[Site "Sundbyoster"]
[Date "2016.08.16"]
[Round "1"]
[White "Lunding, Peter M"]
[Black "Sorensen, Dick"]
[Result "1/2-1/2"]
[WhiteElo "1866"]
[BlackElo "1917"]
[PlyCount "23"]
[EventDate "2016.??.??"]

1. d4 d5 2. Nf3 e6 3. c3 c5 4. e3 Nc6 5. Nbd2 Nf6 6. Bd3 Bd6 7. O-O O-O 8. dxc5
Bxc5 9. e4 dxe4 10. Nxe4 Nxe4 11. Bxe4 h6 12. Bc2 1/2-1/2

[Event "Amagermesterskabet Gruppe 1 2016"]
[Site "Sundbyoster"]
[Date "2016.08.30"]
[Round "2"]
[White "Bonnez, Finn"]
[Black "Hestehauge, Klaus"]
[Result "1-0"]
[WhiteElo "1822"]
[BlackElo "1888"]
[PlyCount "83"]
[EventDate "2016.??.??"]

1. d4 d5 2. Nf3 Nc6 3. Bf4 Bg4 4. Nbd2 Qd7 5. e3 O-O-O 6. Be2 f6 7. O-O g5 8.
Bg3 h5 9. h4 gxh4 10. Bxh4 Nh6 11. c4 Nf5 12. cxd5 Bxf3 13. Nxf3 Qxd5 14. Qb3
Nxh4 15. Qxd5 Rxd5 16. Nxh4 Bh6 17. f4 e5 18. Bf3 Rb5 19. Ng6 Rh7 20. dxe5 fxe5
21. Bxc6 bxc6 22. Nxe5 Rxb2 23. Rfb1 Re2 24. Re1 Rb2 25. Nc4 Rc2 26. Rec1 Rxc1+
27. Rxc1 Bf8 28. Ne5 c5 29. Kf2 Rh6 30. Kf3 Ra6 31. Rc2 Be7 32. g3 Kd8 33. Rh2
Bd6 34. Ke4 Ke7 35. Rxh5 Rxa2 36. Rh7+ Ke6 37. f5+ Kf6 38. Nd7+ Kg5 39. Rg7+
Kh6 40. Rg6+ Kh7 41. Nf6+ Kh8 42. Rg8# 1-0

[Event "Amagermesterskabet Gruppe 1 2016"]
[Site "Sundbyoster"]
[Date "2016.08.30"]
[Round "2"]
[White "Frank Nielsen, Marie"]
[Black "Sorensen, Dick"]
[Result "1/2-1/2"]
[WhiteElo "1942"]
[BlackElo "1917"]
[PlyCount "30"]
[EventDate "2016.??.??"]

1. e4 c5 2. c4 Nc6 3. Nc3 d6 4. g3 Nd4 5. Bg2 e5 6. d3 Ne7 7. f4 Nec6 8. Nh3
Be7 9. O-O O-O 10. f5 f6 11. Nd5 Nb4 12. Ne3 a6 13. b3 b5 14. a3 Nbc6 15. Nd5
Rb8 1/2-1/2

[Event "Amagermesterskabet Gruppe 1 2016"]
[Site "Sundbyoster"]
[Date "2016.09.06"]
[Round "3"]
[White "Hestehauge, Klaus"]
[Black "Kokholm, Daniel"]
[Result "1/2-1/2"]
[WhiteElo "1888"]
[BlackElo "1848"]
[PlyCount "32"]
[EventDate "2016.??.??"]

1. d4 d6 2. Nf3 Nd7 3. Bf4 Ngf6 4. e3 c6 5. Be2 Qc7 6. h3 e5 7. Bh2 Be7 8. O-O
O-O 9. c4 b6 10. Nc3 Bb7 11. Qc2 Rfe8 12. Rfd1 Rad8 13. Rac1 Qb8 14. a3 Bf8 15.
b4 g6 16. Ng5 Bh6 1/2-1/2

[Event "Amagermesterskabet Gruppe 1 2016"]
[Site "Sundbyoster"]
[Date "2016.09.06"]
[Round "3"]
[White "Lunding, Peter M"]
[Black "Bonnez, Finn"]
[Result "1/2-1/2"]
[WhiteElo "1866"]
[BlackElo "1822"]
[PlyCount "45"]
[EventDate "2016.??.??"]

1. d4 d5 2. Nf3 e6 3. c3 c5 4. e3 Nc6 5. Bd3 f5 6. O-O Nf6 7. Nbd2 c4 8. Bc2
Bd6 9. Ba4 Qc7 10. h3 O-O 11. Ne1 Ne7 12. f4 Rb8 13. a3 b5 14. Bc2 a5 15. Ndf3
Ne4 16. Ne5 b4 17. axb4 axb4 18. Bd2 b3 19. Bxe4 fxe4 20. g4 Bxe5 21. dxe5 g5
22. Ng2 Bd7 23. Qe2 1/2-1/2

[Event "Amagermesterskabet Gruppe 1 2016"]
[Site "Sundbyoster"]
[Date "2016.09.06"]
[Round "3"]
[White "Petersen, Nils"]
[Black "Frank Nielsen, Marie"]
[Result "1/2-1/2"]
[WhiteElo "1956"]
[BlackElo "1942"]
[PlyCount "142"]
[EventDate "2016.??.??"]

1. c4 Nf6 2. g3 g6 3. Bg2 Bg7 4. Nc3 O-O 5. e4 d6 6. Nge2 e5 7. O-O c6 8. d3 a6
9. a4 a5 10. h3 Na6 11. Be3 Nb4 12. d4 Nd7 13. d5 Nc5 14. Bxc5 dxc5 15. Qd2 h5
16. Rad1 Qb6 17. Kh2 Kh7 18. Nc1 Qa7 19. Nd3 Bd7 20. b3 Rad8 21. Qe3 b6 22.
Nxb4 axb4 23. dxc6 Bxc6 24. Rxd8 Rxd8 25. Nd5 Bxd5 26. exd5 f5 27. f3 Qe7 28.
Re1 Qd6 29. Bf1 Re8 30. Bd3 Bh6 31. Qe2 Re7 32. Kg2 Bg7 33. g4 hxg4 34. hxg4
Qf6 35. Qe3 Kg8 36. g5 Qd6 37. Qf2 e4 38. fxe4 Bd4 39. Qf3 fxe4 40. Rxe4 Rf7
41. Re8+ Rf8 42. Rxf8+ Qxf8 43. Bxg6 Qe7 44. Kh3 Kg7 45. Bh5 Qxg5 46. d6 Bf6
47. Bg4 Qh6+ 48. Bh5 Qg5 49. d7 Qh4+ 50. Kg2 Qg5+ 51. Qg4 Kf8 52. Qxg5 Bxg5 53.
Kf3 Bd8 54. Ke4 Ke7 55. Kd5 Kxd7 56. a5 bxa5 57. Kxc5 Kc7 58. Bf3 Be7+ 59. Kb5
Bf8 60. Kxa5 Bc5 61. Kb5 Be7 62. c5 Kb8 63. Kxb4 Bd8 64. Kb5 Bc7 65. b4 Bg3 66.
Kc6 Bc7 67. b5 Kc8 68. Bg4+ Kb8 69. Kd7 Kb7 70. Bf3+ Kb8 71. b6 Bxb6 1/2-1/2

[Event "Amagermesterskabet Gruppe 1 2016"]
[Site "Sundbyoster"]
[Date "2016.09.06"]
[Round "3"]
[White "Sorensen, Dick"]
[Black "Nielsen, John Holm"]
[Result "1/2-1/2"]
[WhiteElo "1917"]
[BlackElo "1974"]
[PlyCount "39"]
[EventDate "2016.??.??"]

1. d4 d5 2. Bf4 Nf6 3. e3 e6 4. Nf3 Nbd7 5. Nbd2 Be7 6. h3 O-O 7. Bd3 b6 8. O-O
Bb7 9. c3 Re8 10. Qe2 Ne4 11. Rae1 Nf8 12. Ba6 Bxa6 13. Qxa6 Nxd2 14. Nxd2 Ng6
15. Bh2 Bd6 16. Bxd6 Qxd6 17. f4 c5 18. a3 Re7 19. g3 Rc7 20. Qe2 1/2-1/2

[Event "Amagermesterskabet Gruppe 1 2016"]
[Site "Sundbyoster"]
[Date "2016.09.13"]
[Round "4"]
[White "Petersen, Nils"]
[Black "Hestehauge, Klaus"]
[Result "1-0"]
[WhiteElo "1956"]
[BlackElo "1888"]
[PlyCount "113"]
[EventDate "2016.??.??"]

1. c4 e5 2. g3 Nc6 3. Nc3 g6 4. Bg2 Bg7 5. e4 d6 6. Nge2 Nge7 7. O-O O-O 8. d3
Be6 9. Be3 Qd7 10. Nd5 f5 11. Qd2 Nd4 12. Nxd4 exd4 13. Nxe7+ Qxe7 14. Bg5 Qd7
15. exf5 Bxf5 16. Bxb7 Rab8 17. Bg2 Bh3 18. b3 Bxg2 19. Kxg2 Rf5 20. h4 Qc6+
21. Kg1 Rbf8 22. Rae1 Qf3 23. Qe2 Be5 24. Qxf3 Rxf3 25. Rd1 Kg7 26. Kg2 R3f7
27. f4 Bf6 28. Rde1 h6 29. Bxf6+ Rxf6 30. Re4 c5 31. Rfe1 R8f7 32. Kf3 g5 33.
hxg5 hxg5 34. Re7 gxf4 35. Rxf7+ Kxf7 36. gxf4 a5 37. Re2 Rh6 38. f5 Rh3+ 39.
Ke4 Kf6 40. a3 Rh4+ 41. Kd5 Rh3 42. Kxd6 Rxd3 43. Kxc5 Rxb3 44. Kxd4 Rxa3 45.
c5 Ra1 46. Rc2 Ke7 47. c6 Kd8 48. f6 Rf1 49. Ke5 a4 50. c7+ Kc8 51. Ke6 a3 52.
f7 Re1+ 53. Kd6 Rf1 54. Ke7 Re1+ 55. Kf8 a2 56. Rxa2 Kxc7 57. Rg2 1-0

[Event "Amagermesterskabet Gruppe 1 2016"]
[Site "Sundbyoster"]
[Date "2016.09.27"]
[Round "5"]
[White "Hestehauge, Klaus"]
[Black "Frank Nielsen, Marie"]
[Result "1/2-1/2"]
[WhiteElo "1888"]
[BlackElo "1942"]
[PlyCount "61"]
[EventDate "2016.??.??"]

1. d4 Nf6 2. Nf3 g6 3. Nc3 d5 4. Bf4 Bg7 5. e3 O-O 6. Be2 Nh5 7. Be5 f6 8. Bg3
Nxg3 9. hxg3 c6 10. Qd2 b5 11. Bd3 e5 12. dxe5 fxe5 13. e4 d4 14. Ne2 Nd7 15.
a4 Nc5 16. axb5 Nxd3+ 17. Qxd3 cxb5 18. Qb3+ Kh8 19. Qxb5 Qf6 20. Ra5 Bg4 21.
Ra6 Rfb8 22. Qxb8+ Rxb8 23. Rxf6 Bxf6 24. b3 d3 25. cxd3 Rxb3 26. O-O Rxd3 27.
Ra1 Rd7 28. Nc3 Bxf3 29. gxf3 Bd8 30. Nd5 a5 31. Kg2 1/2-1/2

[Event "Amagermesterskabet Gruppe 1 2016"]
[Site "Sundbyoster"]
[Date "2016.09.27"]
[Round "5"]
[White "Nielsen, John Holm"]
[Black "Bonnez, Finn"]
[Result "1/2-1/2"]
[WhiteElo "1974"]
[BlackElo "1822"]
[PlyCount "104"]
[EventDate "2016.??.??"]

1. Nc3 d5 2. e4 d4 3. Nce2 e5 4. Nf3 Nc6 5. Ng3 Be6 6. Bb5 f6 7. O-O Nge7 8. c3
a6 9. Ba4 g6 10. cxd4 exd4 11. d3 Bg7 12. Ne2 O-O 13. Bb3 Bf7 14. Bxf7+ Rxf7
15. Bd2 Nc8 16. Qb3 Qd7 17. Rac1 Nb6 18. Rc2 Raf8 19. Rfc1 Kh8 20. a4 a5 21.
Qb5 f5 22. e5 Re7 23. Bg5 Ree8 24. Rc5 Nxe5 25. Nexd4 Qxb5 26. Rxb5 Nxd3 27.
Rd1 Nb4 28. b3 f4 29. g3 N4d5 30. Rxa5 h6 31. Bxf4 Nxf4 32. gxf4 Rxf4 33. Rc5
Ree4 34. a5 Bxd4 35. Nxd4 Rxd4 36. Rxd4 Rxd4 37. axb6 cxb6 38. Rc7 Rb4 39. Rxb7
Rxb3 40. Kg2 g5 41. f3 Rb4 42. Kg3 h5 43. h3 Kg8 44. Rd7 h4+ 45. Kf2 Rb5 46.
Ke3 Kf8 47. Ke4 Rc5 48. Kd4 Rf5 49. Ke3 b5 50. Rb7 Ke8 51. Ke4 Rf4+ 52. Ke3 Rf5
1/2-1/2

[Event "Amagermesterskabet Gruppe 1 2016"]
[Site "Sundbyoster"]
[Date "2016.09.27"]
[Round "5"]
[White "Sorensen, Dick"]
[Black "Kokholm, Daniel"]
[Result "1/2-1/2"]
[WhiteElo "1917"]
[BlackElo "1848"]
[PlyCount "28"]
[EventDate "2016.??.??"]

1. Nf3 d6 2. d4 Nf6 3. g3 Nbd7 4. Bg2 e5 5. dxe5 dxe5 6. O-O c6 7. e3 Be7 8. b3
O-O 9. Bb2 Qc7 10. c4 Re8 11. Qc2 Bf8 12. Nc3 h6 13. a3 a5 14. h3 g6 1/2-1/2

[Event "Amagermesterskabet Gruppe 1 2016"]
[Site "Sundbyoster"]
[Date "2016.10.04"]
[Round "6"]
[White "Frank Nielsen, Marie"]
[Black "Bonnez, Finn"]
[Result "1-0"]
[WhiteElo "1942"]
[BlackElo "1822"]
[PlyCount "79"]
[EventDate "2016.??.??"]

1. e4 e5 2. Nf3 d6 3. b3 Nc6 4. Bb2 Nf6 5. d3 g6 6. Be2 Bg7 7. Nbd2 O-O 8. Nf1
Re8 9. c4 Bg4 10. Ne3 Bxf3 11. Bxf3 Nb8 12. O-O Nbd7 13. b4 c5 14. b5 Nf8 15.
a4 Ne6 16. a5 Qd7 17. Ra2 Rf8 18. Qd2 Bh6 19. Nd5 Bg7 20. Nxf6+ Bxf6 21. Bg4
Qe7 22. g3 Bg7 23. Bf3 Kh8 24. Bg2 f5 25. exf5 gxf5 26. a6 Nd8 27. axb7 Nxb7
28. Bd5 f4 29. f3 Rac8 30. Rxa7 Rc7 31. b6 Rd7 32. Bc6 fxg3 33. hxg3 Rf7 34.
Kg2 Qe6 35. Bxd7 Rxd7 36. Rfa1 Bh6 37. Qe2 Re7 38. Qe4 Qf7 39. Ra8+ Kg7 40.
Qg4+ 1-0